Flags of Canadian Cities - Statistics

General Stats
  • This quiz has been taken 12 times
  • The average score is 9 of 14
Answer Stats
Picture Answer % Correct
Toronto
100%
Calgary
82%
Montreal
82%
Ottawa
82%
Vancouver
82%
Winnipeg
82%
Saskatoon
73%
Edmonton
64%
Quebec City
64%
Regina
64%
Charlottetown
36%
Hamilton
36%
St John's
27%
Sherbrooke
0%
No matching quizzes found
Score Distribution
Percent of People with Each Score
Percentile by Number Answered
Your Score History
You have not taken this quiz